[Event "Guba op"]
[Site "Guba"]
[Date "2023.02.13"]
[Round "9"]
[White "Mahmudzade, Yunis"]
[Black "Gurbanov, Amin Novruz"]
[Result "1-0"]
[WhiteElo "1606"]
[BlackElo "1705"]
[PlyCount "139"]
[EventDate "2023.02.07"]
[EventType "swiss"]
[EventRounds "9"]
[EventCountry "AZE"]
[SourceTitle "CBM 212 Extra"]
[Source "ChessBase"]
[SourceDate "2023.03.31"]
[SourceVersion "1"]
[SourceVersionDate "2023.03.31"]
[SourceQuality "1"]

1. d4 Nf6 2. Nf3 e6 3. c4 Bb4+ 4. Bd2 a5 5. Qc2 0-0 6. g3 b6 7. Bg2 Bb7 8. 0-0 h6 9. a3 Bxd2 10. Nbxd2 d6 11. e4 Qe7 12. Rad1 e5 13. Rfe1 Re8 14. dxe5 dxe5 15. Nh4 Nc6 16. Nf5 Qf8 17. Nf3 Nd8 18. Nd2 Nc6 19. Ne3 Nd4 20. Qb1 c6 21. Nf3 c5 22. Nd5 Qd6 23. Nh4 Bc8 24. Nf3 Bg4 25. Nxd4 cxd4 26. Rc1 a4 27. h3 Bc8 28. Kh1 Ba6 29. Qc2 Rec8 30. Bf1 Nxd5 31. exd5 Bxc4 32. Bxc4 b5 33. Qe4 bxc4 34. Qxe5 Qd7 35. Qxd4 Qxh3+ 36. Kg1 Qd7 37. Rxc4 Rxc4 38. Qxc4 Rc8 39. Qd3 Qd6 40. Rd1 Rb8 41. Rd2 Re8 42. Kg2 Rc8 43. Qd4 Ra8 44. Rc2 Ra5 45. Qe4 g6 46. Rd2 Ra8 47. Qd4 Ra5 48. Kh2 h5 49. Re2 Ra8 50. Rc2 Rd8 51. Rd2 Ra8 52. Qc4 Ra5 53. Rd4 Ra8 54. Qd3 Ra5 55. Qe4 Ra8 56. Rc4 Qf6 57. Rc2 Qd6 58. Rc6 Qb8 59. Qd4 h4 60. d6 hxg3+ 61. fxg3 Qb5 62. Rc2 Qh5+ 63. Kg2 Qf5 64. Rd2 Qd7 65. Qd5 Ra6 66. Kh2 Rb6 67. Qc5 Rb5 68. Qxb5 Qxb5 69. d7 Qh5+ 70. Kg2 1-0

[Event "Wch U12"]
[Site "Batumi"]
[Date "2022.09.21"]
[Round "6"]
[White "Mahmudzade, Yunis"]
[Black "Talgatov, Nazar"]
[Result "1-0"]
[WhiteElo "1527"]
[BlackElo "1827"]
[PlyCount "56"]
[EventDate "2022.09.16"]
[EventType "swiss"]
[EventRounds "11"]
[EventCountry "GEO"]
[SourceTitle "EXT 2023"]
[Source "ChessBase"]
[SourceDate "2022.10.05"]
[SourceVersion "1"]
[SourceVersionDate "2022.10.05"]
[SourceQuality "1"]

1. d4 Nf6 2. Nf3 g6 3. c4 Bg7 4. Nc3 0-0 5. Bg5 d6 6. e3 b6 7. Be2 Bb7 8. h3 Nbd7 9. 0-0 a6 10. Rc1 Ra7 11. d5 h6 12. Bh4 e5 13. dxe6 fxe6 14. Nd4 Qe8 15. Bg4 Nxg4 16. Qxg4 Kf7 17. f4 Nf6 18. Bxf6 Bxf6 19. Rce1 h5 20. Qd1 Ra8 21. e4 e5 22. fxe5 Qxe5 23. Nd5 Kg7 24. Nf3 Qg3 25. Nxc7 Bxb2 26. Ne6+ Kg8 27. Nxf8 Rxf8 28. Qb3 Bg7 1-0